| 000 | 00452nam a2200157Ia 4500 | ||
|---|---|---|---|
| 003 | IQ-KOUCL | ||
| 041 | _aArabic | ||
| 082 | _a070,4 cut-56 ف | ||
| 100 | _a20260118u\\\\\\\\\\\y0engy0103\\\\ba | ||
| 100 | _aحيدر حسون الفزع | ||
| 245 | 0 | _aالفنون الحديثة للتحرير الصحفي | |
| 250 | _aط1 | ||
| 260 |
_bمركز الشهيدين الصدرين _aبغداد -العراق _c2008 |
||
| 300 | _a82 | ||
| 942 | _cBk | ||
| 999 |
_c186575 _d186575 |
||